[Event "Titled Tuesday intern op 06th May Early"]
[Site "Chess.com INT"]
[Date "2025.05.06"]
[Round "5"]
[White "Mora Munoz, Alejandro"]
[Black "Andrews, Todd D"]
[Result "1-0"]
[WhiteElo "2147"]
[BlackElo "2097"]
[PlyCount "143"]
[EventDate "2025.05.06"]
[EventType "swiss (blitz)"]
[EventRounds "11"]
[EventCountry "USA"]
[SourceTitle "CB20_2025"]
[SourceDate "2025.05.14"]
[SourceVersion "1"]
[SourceVersionDate "2025.05.14"]
[SourceQuality "1"]

1. e4 c5 2. Nf3 d6 3. d4 cxd4 4. Nxd4 Nf6 5. Nc3 a6 6. f3 e5 7. Nb3 Be6 8. Be3 Be7 9. Qd2 Nbd7 10. g4 Qc7 11. g5 Nh5 12. 0-0-0 0-0 13. Kb1 f5 14. Nd5 Bxd5 15. Qxd5+ Kh8 16. exf5 Nb6 17. Qa5 Rac8 18. Bd3 Nc4 19. Qxc7 Rxc7 20. Bc1 Nf4 21. Bxf4 exf4 22. h4 d5 23. Nd4 Ne3 24. Rd2 Re8 25. Ne6 Rc6 26. Nxf4 Bd6 27. Ng2 Nxg2 28. Rxg2 Bf4 29. Rd1 Re3 30. Re2 d4 31. Rxe3 dxe3 32. Bxa6 Rd6 33. Rxd6 Bxd6 34. Bd3 Kg8 35. Kc1 Kf7 36. Kd1 Bg3 37. h5 Bf4 38. g6+ hxg6 39. hxg6+ Kf6 40. Be4 b6 41. Ke2 Ke5 42. Kd3 Bg5 43. c4 Kf4 44. b4 Kg3 45. Ke2 Kf4 46. a4 Ke5 47. Kd3 Kd6 48. f4 Bxf4 49. f6 Be5 50. f7 Ke7 51. Kxe3 Bc3 52. b5 Bb4 53. Kd4 Ke6 54. Bd5+ Kf6 55. Be4 Ke6 56. Bd3 Kf6 57. Kd5 Ke7 58. Kc6 Bc5 59. a5 bxa5 60. Kxc5 a4 61. b6 a3 62. Bb1 a2 63. Bxa2 Kd7 64. f8Q Ke6 65. Qf7+ Ke5 66. Qxg7+ Kf5 67. Qf7+ Ke5 68. g7 Ke4 69. g8Q Kd3 70. Qg3+ Kc2 71. Qff2+ Kd1 72. Qgg1# 1-0

[Event "Titled Tuesday intern op 06th May Early"]
[Site "Chess.com INT"]
[Date "2025.05.06"]
[Round "7"]
[White "Mora Munoz, Alejandro"]
[Black "Deichmann, Esteban Horacio"]
[Result "1-0"]
[WhiteElo "2147"]
[BlackElo "2085"]
[PlyCount "137"]
[EventDate "2025.05.06"]
[EventType "swiss (blitz)"]
[EventRounds "11"]
[EventCountry "USA"]
[SourceTitle "CB20_2025"]
[SourceDate "2025.05.14"]
[SourceVersion "1"]
[SourceVersionDate "2025.05.14"]
[SourceQuality "1"]

1. e4 e6 2. d4 d5 3. Nd2 Nf6 4. e5 Nfd7 5. f4 c5 6. Ndf3 Nc6 7. Ne2 Qb6 8. c3 f6 9. a3 c4 10. Qc2 Na5 11. Be3 Nb3 12. Rb1 Be7 13. g4 0-0 14. Bg2 fxe5 15. fxe5 Rxf3 16. Bxf3 Nxe5 17. 0-0 Bd7 18. Bf4 Nxf3+ 19. Rxf3 Rf8 20. Rbf1 Ba4 21. Qb1 e5 22. Be3 Rxf3 23. Rxf3 e4 24. Rf1 Qg6 25. Qe1 Qxg4+ 26. Qg3 h5 27. Qxg4 hxg4 28. Nf4 Bc6 29. Kg2 Bd6 30. Ng6 Kh7 31. Nf8+ Bxf8 32. Rxf8 Kg6 33. Kg3 a5 34. Rd8 a4 35. Rd6+ Kf7 36. Kxg4 Na1 37. Rd8 Nc2 38. Bc1 Ke7 39. Rg8 Be8 40. Rxg7+ Kf6 41. Rg5 Bd7+ 42. Kg3 Bf5 43. Kf4 Bg6 44. Rxd5 Ne1 45. Rd6+ Kf7 46. Ke3 Nd3 47. Bd2 Nxb2 48. Rd7+ Ke6 49. Rxb7 Nd3 50. Rb6+ Kf7 51. Ra6 Bf5 52. Ra7+ Kf6 53. Rxa4 Kg5 54. Ra5 Kg4 55. h3+ Kg5 56. h4+ Kg4 57. h5 Nf4 58. h6 Nd5+ 59. Rxd5 Bh7 60. Rd7 Kh5 61. Rxh7 Kg6 62. Re7 Kf6 63. Rxe4 Kg6 64. Rh4 Kh7 65. Kf4 Kh8 66. Kg5 Kg8 67. Re4 Kh8 68. Kg6 Kg8 69. Re8# 1-0

[Event "Medellin Sub zt 2.3.2"]
[Site "Medellin"]
[Date "2025.04.19"]
[Round "9"]
[White "Mora Munoz, Alejandro"]
[Black "Hernandez, Elvert"]
[Result "1/2-1/2"]
[WhiteElo "2135"]
[BlackElo "1973"]
[PlyCount "132"]
[EventDate "2025.04.14"]
[EventType "swiss"]
[EventRounds "9"]
[EventCountry "COL"]
[SourceTitle "CB18_2025"]
[SourceDate "2025.04.30"]
[SourceVersion "1"]
[SourceVersionDate "2025.04.30"]
[SourceQuality "1"]

1. e4 c5 2. Nf3 Nc6 3. d4 cxd4 4. Nxd4 Nf6 5. Nc3 e5 6. Ndb5 d6 7. Nd5 Nxd5 8. exd5 Ne7 9. c4 Ng6 10. Qa4 Bd7 11. Qb4 Qb8 12. h4 h5 13. Be3 a6 14. Nc3 f5 15. Na4 Qc7 16. Bb6 Qc8 17. Ba5 Bxa4 18. Qxa4+ Qd7 19. Qxd7+ Kxd7 20. g3 Be7 21. Bc3 Bf6 22. Kd2 Raf8 23. Bh3 Ne7 24. a4 e4 25. Bxf6 Rxf6 26. Rhe1 Kd8 27. b4 Ng6 28. Bf1 Ne5 29. Kc3 Nf3 30. Re3 g5 31. Be2 g4 32. Bxf3 gxf3 33. Kd4 Rg8 34. c5 f4 35. gxf4 Rxf4 36. Rh1 Rg2 37. cxd6 Rxf2 38. Rc1 Rf8 39. Rec3 Kd7 40. Rc7+ Kxd6 41. Rxb7 Rd2+ 42. Kxe4 Re2+ 43. Kd4 Rf4+ 44. Kd3 Kxd5 45. Rc5+ Ke6 46. Rc6+ Kd5 47. b5 axb5 48. axb5 Rd4+ 49. Kc3 Re3+ 50. Kc2 Rc4+ 51. Rxc4 Kxc4 52. Rf7 Kd4 53. b6 Re2+ 54. Kb3 Re6 55. Rxf3 Rxb6+ 56. Kc2 Ke4 57. Rg3 Rb5 58. Kd2 Kf4 59. Rg5 Rxg5 60. hxg5 Kxg5 61. Ke2 Kg4 62. Kf2 Kh3 63. Kg1 Kg3 64. Kh1 h4 65. Kg1 h3 66. Kh1 h2 1/2-1/2

[Event "Medellin Sub zt 2.3.2"]
[Site "Medellin"]
[Date "2025.04.17"]
[Round "6"]
[White "Castro Silva, Moises Antonio"]
[Black "Mora Munoz, Alejandro"]
[Result "1/2-1/2"]
[WhiteElo "2244"]
[BlackElo "2135"]
[PlyCount "102"]
[EventDate "2025.04.14"]
[EventType "swiss"]
[EventRounds "9"]
[EventCountry "COL"]
[SourceTitle "CB18_2025"]
[SourceDate "2025.04.30"]
[SourceVersion "1"]
[SourceVersionDate "2025.04.30"]
[SourceQuality "1"]

1. e4 c5 2. Nf3 d6 3. d4 cxd4 4. Nxd4 Nf6 5. Nc3 a6 6. Bg5 Nbd7 7. Bc4 Qb6 8. Bb3 e6 9. Qd2 Be7 10. 0-0-0 Nc5 11. f3 Qc7 12. g4 b5 13. a3 Bd7 14. Kb1 Rb8 15. Be3 g6 16. Ba2 a5 17. b4 axb4 18. axb4 Na6 19. Nce2 e5 20. g5 Nh5 21. Nb3 0-0 22. Nc5 dxc5 23. Qxd7 Rfc8 24. bxc5 Nxc5 25. Qxc7 Rxc7 26. Rd5 b4 27. Bb3 Nxb3 28. cxb3 f6 29. Rc1 Rxc1+ 30. Nxc1 fxg5 31. Rxe5 Bd6 32. Rxg5 Bxh2 33. Ne2 Rf8 34. Nd4 Bf4 35. Bxf4 Nxf4 36. Kc2 Rc8+ 37. Kd2 Rd8 38. Ke3 Rxd4 39. Kxf4 Rd3 40. Rb5 Rxb3 41. e5 Rb1 42. Rb7 b3 43. Kg5 Rf1 44. f4 h6+ 45. Kxg6 Rxf4 46. Rb8+ Rf8 47. Rxb3 Rf1 48. Rb8+ Rf8 49. Rb7 Rf1 50. Kxh6 Rg1 51. Rc7 Kf8 1/2-1/2

[Event "Medellin Sub zt 2.3.2"]
[Site "Medellin"]
[Date "2025.04.14"]
[Round "2"]
[White "Hernandez Banquett, Bryan Steven"]
[Black "Mora Munoz, Alejandro"]
[Result "0-1"]
[WhiteElo "1942"]
[BlackElo "2135"]
[PlyCount "118"]
[EventDate "2025.04.14"]
[EventType "swiss"]
[EventRounds "9"]
[EventCountry "COL"]
[SourceTitle "CB18_2025"]
[SourceDate "2025.04.30"]
[SourceVersion "1"]
[SourceVersionDate "2025.04.30"]
[SourceQuality "1"]

1. e4 c5 2. Nf3 d6 3. d4 cxd4 4. Qxd4 Nc6 5. Qe3 Nf6 6. Be2 g6 7. 0-0 Bg7 8. Rd1 0-0 9. h3 Qb6 10. Nc3 Nb4 11. Qd2 Qc6 12. Nd4 Qc5 13. a3 Nc6 14. Nb3 Qb6 15. Qe1 Be6 16. Be3 Qc7 17. f4 a6 18. Rac1 b5 19. Nd5 Qd8 20. Bf3 Nd7 21. c3 Bxd5 22. exd5 Na5 23. Nd4 Bxd4 24. Bxd4 Nb3 25. Rc2 Nxd4 26. Rxd4 Re8 27. Re2 Ra7 28. Kh2 Rb7 29. Rde4 Nb6 30. Qh4 Rc7 31. f5 Nxd5 32. fxg6 fxg6 33. Re6 Nb6 34. Qd4 Rc4 35. Qe3 Rc5 36. Qh6 Nd7 37. Qd2 Nf8 38. Bd5 Nxe6 39. Bxe6+ Kg7 40. Qd4+ Re5 41. Rxe5 dxe5 42. Qxe5+ Kh6 43. Qe3+ Kg7 44. Qe5+ Kh6 45. Qe3+ g5 46. h4 Qd6+ 47. g3 Kg7 48. Qxg5+ Kh8 49. Qe3 Rf8 50. Bg4 Qf6 51. Qg1 Qf2+ 52. Qg2 Kg7 53. Kh3 Qxg2+ 54. Kxg2 Rd8 55. Kf3 Rd2 56. Bc8 a5 57. b4 Rd3+ 58. Kf4 Rxc3 59. Bd7 axb4 0-1

[Event "COL-ch U20"]
[Site "Bogota"]
[Date "2025.02.02"]
[Round "8"]
[White "Campos Gomez, Manuel"]
[Black "Mora Munoz, Alejandro"]
[Result "1/2-1/2"]
[WhiteElo "2323"]
[BlackElo "2098"]
[PlyCount "115"]
[EventDate "2025.01.29"]
[EventType "tourn"]
[EventRounds "9"]
[EventCountry "COL"]
[SourceTitle "CB06_2025"]
[SourceDate "2025.02.05"]
[SourceVersion "1"]
[SourceVersionDate "2025.02.05"]
[SourceQuality "1"]

1. d4 Nf6 2. c4 e6 3. Nf3 d5 4. Nc3 Be7 5. Bf4 0-0 6. e3 b6 7. Bd3 dxc4 8. Bxc4 Ba6 9. Qe2 Bxc4 10. Qxc4 c5 11. 0-0 cxd4 12. Nxd4 Qc8 13. Qb5 Qb7 14. Rac1 a6 15. Qe2 Nbd7 16. Bg5 h6 17. Bh4 b5 18. Rc2 Nb6 19. Rfc1 Rac8 20. Bg3 b4 21. Nb1 Rxc2 22. Rxc2 Rc8 23. Rxc8+ Qxc8 24. Qc2 Qxc2 25. Nxc2 Ne4 26. Bc7 Nd5 27. Ba5 Bc5 28. Kf1 Nd6 29. Nd2 Nb7 30. Nb3 Bd6 31. e4 Nf6 32. f3 Nd7 33. h3 Nxa5 34. Nxa5 Ne5 35. Ne3 Bc7 36. Nec4 Nd3 37. Nc6 Kf8 38. Ke2 b3 39. a3 Nf4+ 40. Kf1 Nd3 41. Nd4 Ne5 42. Nd2 Nd3 43. Nc4 Ne5 44. Nxe5 Bxe5 45. Nxb3 Bxb2 46. a4 Ke7 47. Ke2 Kd6 48. Kd3 Be5 49. Kc4 Kc6 50. Nc5 a5 51. Nd3 Bg3 52. f4 f5 53. exf5 exf5 54. Ne5+ Kd6 55. Nd3 Kc6 56. Ne5+ Kb6 57. Kd5 Bxf4 58. Nc4+ 1/2-1/2

[Event "COL-ch U20"]
[Site "Bogota"]
[Date "2025.02.02"]
[Round "9"]
[White "Mora Munoz, Alejandro"]
[Black "Lopez Rayo, Santiago"]
[Result "0-1"]
[WhiteElo "2098"]
[BlackElo "2233"]
[PlyCount "52"]
[EventDate "2025.01.29"]
[EventType "tourn"]
[EventRounds "9"]
[EventCountry "COL"]
[SourceTitle "CB06_2025"]
[SourceDate "2025.02.05"]
[SourceVersion "1"]
[SourceVersionDate "2025.02.05"]
[SourceQuality "1"]

1. e4 e5 2. Nf3 Nc6 3. Bb5 a6 4. Ba4 Nf6 5. d3 b5 6. Bb3 Bc5 7. 0-0 d6 8. c3 Bb7 9. Be3 0-0 10. Nbd2 h6 11. Re1 Bxe3 12. fxe3 Ne7 13. Rf1 Ng6 14. Qe1 d5 15. Qg3 dxe4 16. Nxe4 Kh7 17. Neg5+ hxg5 18. Nxg5+ Kg8 19. Rxf6 Qxf6 20. Rf1 Qc6 21. Rf2 Nh8 22. d4 exd4 23. Bc2 Rfe8 24. Bh7+ Kf8 25. Bd3 Rxe3 26. Qf4 Rxd3 0-1

[Event "COL-ch U20"]
[Site "Bogota"]
[Date "2025.01.31"]
[Round "4"]
[White "Mora Munoz, Alejandro"]
[Black "Lopez, Ricardo Andres"]
[Result "1-0"]
[WhiteElo "2098"]
[BlackElo "1958"]
[PlyCount "73"]
[EventDate "2025.01.29"]
[EventType "tourn"]
[EventRounds "9"]
[EventCountry "COL"]
[SourceTitle "CB06_2025"]
[SourceDate "2025.02.05"]
[SourceVersion "1"]
[SourceVersionDate "2025.02.05"]
[SourceQuality "1"]

1. e4 e5 2. Nf3 Nc6 3. Bb5 a6 4. Ba4 d6 5. c3 f5 6. exf5 Bxf5 7. 0-0 Bd3 8. Re1 Be7 9. Qb3 Rb8 10. Qd5 Bf5 11. Bxc6+ bxc6 12. Qxc6+ Bd7 13. Qxa6 Bb5 14. Qa5 Bc6 15. Qa6 Qd7 16. Qe2 Nf6 17. d4 e4 18. Nfd2 0-0 19. Nf1 Rbe8 20. a4 d5 21. b3 Bd6 22. Be3 Rf7 23. h3 Ref8 24. Nbd2 Qf5 25. a5 g5 26. a6 g4 27. h4 Bf4 28. g3 Bxe3 29. Nxe3 Qg6 30. a7 Nd7 31. Rf1 h5 32. c4 dxc4 33. bxc4 Ba8 34. Ra5 Rg7 35. Nb3 Rf3 36. Rg5 Qd6 37. Nf5 1-0

[Event "Santiago de Cali op"]
[Site "Cali"]
[Date "2024.12.28"]
[Round "4"]
[White "Mora Munoz, Alejandro"]
[Black "Claverie, Raul Ricardo"]
[Result "0-1"]
[WhiteElo "2098"]
[BlackElo "2295"]
[PlyCount "82"]
[EventDate "2024.12.26"]
[EventType "swiss"]
[EventRounds "8"]
[EventCountry "COL"]
[SourceTitle "CB01_2025"]
[SourceDate "2025.01.01"]
[SourceVersion "1"]
[SourceVersionDate "2025.01.01"]
[SourceQuality "1"]

1. e4 c6 2. Nc3 d5 3. Nf3 Bg4 4. h3 Bxf3 5. Qxf3 Nf6 6. Be2 e6 7. 0-0 Bb4 8. e5 Nfd7 9. Qg4 Bf8 10. Qg3 g6 11. Kh1 h5 12. f4 h4 13. Qe1 b5 14. d4 a6 15. Bf3 Nb6 16. Ne2 c5 17. dxc5 Bxc5 18. a4 bxa4 19. Nc3 a3 20. b3 Qe7 21. Nb1 Nc6 22. c3 Qd7 23. Be3 Qe7 24. Bc1 Qc7 25. Nxa3 Rd8 26. Nc2 a5 27. Ne3 Kf8 28. Ng4 Ne7 29. Qd2 Nf5 30. Kh2 Kg7 31. Ba3 Rc8 32. Bb2 a4 33. Bd1 Ng3 34. Re1 a3 35. Bxa3 Bxa3 36. Rxa3 Qxc3 37. Qf2 Ne4 38. Qe3 Qxe3 39. Rxe3 Rc1 40. Rd3 Rhc8 41. Ra6 Nc5 0-1

[Event "COL-chT sf"]
[Site "Medellin"]
[Date "2024.11.09"]
[Round "5.2"]
[White "Toro Castaneda, Miguel Angel"]
[Black "Mora Munoz, Alejandro"]
[Result "1-0"]
[WhiteElo "2077"]
[BlackElo "2110"]
[PlyCount "67"]
[EventDate "2024.11.07"]
[EventType "team-swiss"]
[EventRounds "6"]
[EventCountry "COL"]
[SourceTitle "CB49_2024"]
[SourceDate "2024.12.04"]
[SourceVersion "1"]
[SourceVersionDate "2024.12.04"]
[SourceQuality "1"]
[WhiteTeam "Antioquia Goodbye Horses"]
[BlackTeam "Valle"]
[WhiteTeamCountry "COL"]
[BlackTeamCountry "COL"]

1. e4 c5 2. Nf3 a6 3. d4 cxd4 4. Nxd4 d6 5. Nc3 Nf6 6. Be3 Ng4 7. Bc1 Nf6 8. Be3 Ng4 9. Bc1 Nf6 10. Be3 e5 11. Nb3 Be6 12. Qd2 Nbd7 13. 0-0-0 b5 14. Kb1 Nb6 15. Bxb6 Qxb6 16. f4 b4 17. Nd5 Bxd5 18. exd5 Ne4 19. Qe1 Nf2 20. Bd3 Nxh1 21. Qxh1 Be7 22. g4 0-0 23. Qe4 g6 24. f5 a5 25. Rf1 a4 26. Nd2 Qd4 27. f6 Bd8 28. Qxd4 exd4 29. Bb5 d3 30. cxd3 Bb6 31. Ne4 Rfd8 32. Bc6 Ra7 33. g5 h6 34. h4 1-0

[Event "COL-chT sf"]
[Site "Medellin"]
[Date "2024.11.07"]
[Round "1.2"]
[White "Pineda Arevalo, Jose Ariel"]
[Black "Mora Munoz, Alejandro"]
[Result "1/2-1/2"]
[WhiteElo "1982"]
[BlackElo "2110"]
[PlyCount "55"]
[EventDate "2024.11.07"]
[EventType "team-swiss"]
[EventRounds "6"]
[EventCountry "COL"]
[SourceTitle "CB49_2024"]
[SourceDate "2024.12.04"]
[SourceVersion "1"]
[SourceVersionDate "2024.12.04"]
[SourceQuality "1"]
[WhiteTeam "Cundinamarca II"]
[BlackTeam "Valle"]
[WhiteTeamCountry "COL"]
[BlackTeamCountry "COL"]

1. e4 c5 2. Nf3 d6 3. d4 cxd4 4. Nxd4 Nf6 5. Nc3 a6 6. Bg5 Nbd7 7. f4 Qa5 8. Qf3 h6 9. Bxf6 Nxf6 10. Bd3 g5 11. Nb3 Qc7 12. 0-0-0 gxf4 13. Qxf4 Bg7 14. Rhf1 Rf8 15. h3 Bd7 16. Qg3 Bh8 17. Kb1 b5 18. Rxf6 exf6 19. Nd5 Qb8 20. Nd4 f5 21. Nxf5 Bxf5 22. exf5 Be5 23. Qh4 Qa7 24. Qxh6 0-0-0 25. f6 Qf2 26. Be4 Kb8 27. Qd2 Qxd2 28. Rxd2 1/2-1/2

[Event "Pan American-ch U18 34th"]
[Site "Orlando"]
[Date "2024.07.20"]
[Round "9"]
[White "Luo, Terry"]
[Black "Mora Munoz, Alejandro"]
[Result "1-0"]
[WhiteElo "2316"]
[BlackElo "2054"]
[PlyCount "33"]
[EventDate "2024.07.15"]
[EventType "swiss"]
[EventRounds "9"]
[EventCountry "USA"]
[SourceTitle "EXT 2025"]
[Source "ChessBase"]
[SourceDate "2024.10.14"]
[SourceVersion "1"]
[SourceVersionDate "2024.10.14"]
[SourceQuality "1"]
[WhiteTeam "USA"]
[BlackTeam "COL"]

1. d4 Nf6 2. c4 e6 3. Nf3 Be7 4. g3 0-0 5. Bg2 d5 6. Nc3 c6 7. 0-0 b6 8. b3 Ba6 9. Nd2 Nbd7 10. Bb2 Rc8 11. e4 dxe4 12. Ncxe4 c5 13. dxc5 Nxe4 14. Nxe4 bxc5 15. Qg4 g6 16. Rad1 f5 17. Qe2 1-0

[Event "Pan American-ch U18 34th"]
[Site "Orlando"]
[Date "2024.07.19"]
[Round "7"]
[White "Hebbar, Eshaan"]
[Black "Mora Munoz, Alejandro"]
[Result "1/2-1/2"]
[WhiteElo "2137"]
[BlackElo "2054"]
[PlyCount "72"]
[EventDate "2024.07.15"]
[EventType "swiss"]
[EventRounds "9"]
[EventCountry "USA"]
[SourceTitle "EXT 2025"]
[Source "ChessBase"]
[SourceDate "2024.10.14"]
[SourceVersion "1"]
[SourceVersionDate "2024.10.14"]
[SourceQuality "1"]
[WhiteTeam "USA"]
[BlackTeam "COL"]

1. d4 Nf6 2. c4 e6 3. Nf3 Be7 4. Nc3 0-0 5. e4 d5 6. e5 Ne4 7. Bd3 Nxc3 8. bxc3 dxc4 9. Bxc4 b6 10. 0-0 Ba6 11. Bxa6 Nxa6 12. Qe2 Qc8 13. Qe4 c5 14. Ng5 Bxg5 15. Bxg5 Qd7 16. Qg4 Kh8 17. Rad1 Qa4 18. Rd3 Nc7 19. Rc1 f5 20. Qh4 Qe8 21. dxc5 b5 22. c4 bxc4 23. Qxc4 Nd5 24. c6 Rc8 25. Bd2 Qd8 26. Qc5 Qb6 27. Qxb6 axb6 28. Rd4 Rf7 29. a4 Rfc7 30. Rdc4 Ra7 31. Be3 Kg8 32. Rb1 Ra6 33. Kf1 Rca8 34. c7 Rc8 35. Rbc1 Kf7 36. Bd2 Ra7 1/2-1/2

[Event "American Continental 18th"]
[Site "Medellin"]
[Date "2024.05.31"]
[Round "10"]
[White "Hernandez Banquett, Bryan Steven"]
[Black "Mora Munoz, Alejandro"]
[Result "1-0"]
[WhiteElo "1913"]
[BlackElo "2066"]
[PlyCount "83"]
[EventDate "2024.05.24"]
[EventType "swiss"]
[EventRounds "11"]
[EventCountry "COL"]
[SourceTitle "CBM 220 Extra"]
[Source "ChessBase"]
[SourceDate "2024.07.31"]
[SourceVersion "1"]
[SourceVersionDate "2024.07.31"]
[SourceQuality "1"]

1. e4 c5 2. Nf3 d6 3. d4 cxd4 4. Qxd4 Nc6 5. Qe3 d5 6. exd5 Qxd5 7. Nc3 Qa5 8. Bb5 Bd7 9. Nd4 a6 10. Nxc6 bxc6 11. Bc4 Nf6 12. h3 e6 13. 0-0 Be7 14. Ne4 Nxe4 15. Qxe4 0-0 16. Rd1 Rfd8 17. Bd2 Qf5 18. Qxf5 exf5 19. Ba5 Be8 20. Bxd8 Bxd8 21. Bxa6 Bf6 22. Bc4 Bxb2 23. Rab1 Bf6 24. Rb7 Kf8 25. Rdb1 Ra4 26. R7b4 Ra3 27. Rb8 Rc3 28. Re1 Be7 29. Bb3 Rc5 30. a4 Ra5 31. g3 g6 32. Kg2 h6 33. f4 Ra7 34. Kf3 Ra5 35. Re3 Ra7 36. Rd3 Bc5 37. Rd2 g5 38. Re2 Be7 39. Re5 gxf4 40. gxf4 h5 41. Rc8 h4 42. Rxf5 1-0

[Event "American Continental Blitz 18th"]
[Site "Medellin"]
[Date "2024.05.29"]
[Round "5"]
[White "Mora Munoz, Alejandro"]
[Black "Araujo Sanchez, Josue"]
[Result "0-1"]
[WhiteElo "2066"]
[BlackElo "2266"]
[PlyCount "142"]
[EventDate "2024.05.29"]
[EventType "swiss (blitz)"]
[EventRounds "9"]
[EventCountry "COL"]
[SourceTitle "CBM 220 Extra"]
[Source "ChessBase"]
[SourceDate "2024.07.31"]
[SourceVersion "1"]
[SourceVersionDate "2024.07.31"]
[SourceQuality "1"]

1. e4 c6 2. Nc3 d5 3. Nf3 a6 4. d4 Bg4 5. Be2 e6 6. h3 Bh5 7. Be3 Nf6 8. e5 Nfd7 9. Nd2 Bg6 10. h4 h6 11. h5 Bh7 12. Nb3 Qc7 13. f4 c5 14. Rc1 cxd4 15. Bxd4 Nc6 16. Bf2 Be7 17. 0-0 0-0 18. a3 f6 19. Bg4 f5 20. Bf3 Rad8 21. Kh1 Nb6 22. Bxb6 Qxb6 23. Ne2 a5 24. Nbd4 Nxd4 25. Nxd4 Kh8 26. Rb1 Rg8 27. c3 g6 28. hxg6 Rxg6 29. Bh5 Rg7 30. Qe2 Rdg8 31. Bf3 Bh4 32. Qb5 Qxb5 33. Nxb5 Bg3 34. Nd4 Re8 35. Ne2 Bh4 36. Rbc1 Bg8 37. c4 dxc4 38. Rxc4 Rd8 39. Rd4 Rxd4 40. Nxd4 Rd7 41. Nb5 Rd2 42. Rb1 b6 43. b4 axb4 44. axb4 Bg3 45. Rd1 Rb2 46. Nc7 Bxf4 47. Ne8 Bxe5 48. Kg1 Bf7 49. Nd6 Bxd6 50. Rxd6 Rxb4 51. Kf2 Kg7 52. Ke3 Kf6 53. Rd8 h5 54. g3 h4 55. gxh4 Rxh4 56. Rb8 Rb4 57. Rf8 Ke7 58. Rb8 Rb3+ 59. Ke2 f4 60. Kf2 Rb2+ 61. Ke1 e5 62. Be4 Bc4 63. Rb7+ Kd6 64. Rb8 b5 65. Kd1 Rh2 66. Rd8+ Kc5 67. Bf3 Rf2 68. Be4 Kb4 69. Re8 Re2 70. Bd5 Re3 71. Bc6 Kc3 0-1

[Event "American Continental Blitz 18th"]
[Site "Medellin"]
[Date "2024.05.29"]
[Round "4"]
[White "Mora Munoz, Alejandro"]
[Black "Schnaider, Ilan"]
[Result "1-0"]
[WhiteElo "2066"]
[BlackElo "2395"]
[PlyCount "85"]
[EventDate "2024.05.29"]
[EventType "swiss (blitz)"]
[EventRounds "9"]
[EventCountry "COL"]
[SourceTitle "CBM 220 Extra"]
[Source "ChessBase"]
[SourceDate "2024.07.31"]
[SourceVersion "1"]
[SourceVersionDate "2024.07.31"]
[SourceQuality "1"]

1. e4 e5 2. Nf3 Nc6 3. Bb5 a6 4. Ba4 Nf6 5. 0-0 Be7 6. Re1 b5 7. Bb3 0-0 8. a4 Bb7 9. c3 d6 10. d3 Na5 11. Bc2 c5 12. Nbd2 h6 13. Nf1 Re8 14. Ng3 Bf8 15. Nf5 Kh7 16. Ne3 Nc6 17. h3 Ne7 18. Nh2 Ng6 19. Nf5 Ne7 20. Qf3 Nxf5 21. Qxf5+ g6 22. Qf3 Bg7 23. Ng4 Nxg4 24. hxg4 Qd7 25. Be3 Rac8 26. axb5 axb5 27. Ra7 Rc7 28. Qh3 Bc8 29. Rxc7 Qxc7 30. Qh4 Be6 31. f3 f6 32. Ra1 Qb7 33. g5 fxg5 34. Bxg5 b4 35. c4 b3 36. Bxb3 Qxb3 37. Ra7 Kg8 38. Rxg7+ Kxg7 39. Qxh6+ Kg8 40. Bf6 Re7 41. Kh2 Kf7 42. Qg7+ Ke8 43. Qxe7# 1-0

[Event "COL-ch sf"]
[Site "Pereira"]
[Date "2024.03.27"]
[Round "4"]
[White "Campos Gomez, Manuel"]
[Black "Mora Munoz, Alejandro"]
[Result "1-0"]
[WhiteElo "2281"]
[BlackElo "1990"]
[PlyCount "69"]
[EventDate "2024.03.26"]
[EventType "swiss"]
[EventRounds "11"]
[EventCountry "COL"]
[SourceTitle "CBM 219 Extra"]
[Source "ChessBase"]
[SourceDate "2024.05.31"]
[SourceVersion "1"]
[SourceVersionDate "2024.05.31"]
[SourceQuality "1"]

1. c4 e6 2. g3 Nf6 3. Bg2 d5 4. Nf3 Be7 5. 0-0 0-0 6. d4 dxc4 7. Qc2 a6 8. a4 Bd7 9. Qxc4 Bc6 10. Bg5 Nbd7 11. Nc3 h6 12. Bxf6 Nxf6 13. Rfd1 Bd5 14. Qd3 b6 15. Qc2 Bb7 16. Ne5 Bxg2 17. Kxg2 Qe8 18. Ne4 Nd5 19. Qc6 Qxc6 20. Nxc6 Rfe8 21. Rac1 Bf8 22. Nd2 b5 23. e4 Nb6 24. a5 Nd7 25. f4 f5 26. e5 Kf7 27. Nb3 Rec8 28. d5 Nb8 29. dxe6+ Kxe6 30. Nbd4+ Kf7 31. Nxb8 Raxb8 32. Nc6 Ra8 33. Rd7+ Kg8 34. e6 Bd6 35. Rxd6 1-0